|
|
|
|
| LEADER |
00793nam a2200241 4500 |
| 001 |
c000323271 |
| 003 |
CARM |
| 005 |
00000000000000.0 |
| 008 |
701217s1962 nyua 00100 eng |
| 019 |
1 |
|
|a 642480
|5 LACONCORD2021
|
| 035 |
|
|
|a (OCoLC)395424
|5 LACONCORD2021
|
| 043 |
|
|
|a e------
|
| 050 |
0 |
0 |
|a D907
|b .G6 1962
|
| 082 |
0 |
0 |
|a 914
|
| 100 |
1 |
|
|a Gottmann, Jean.
|
| 245 |
1 |
2 |
|a A geography of Europe.
|
| 250 |
|
|
|a 3d ed.
|
| 260 |
|
|
|a New York,
|b Holt, Rinehart and Winston
|c [1962]
|
| 300 |
|
|
|a 788 p.
|b illus.
|c 25 cm.
|
| 651 |
|
0 |
|a Europe
|x Geography.
|
| 852 |
8 |
|
|b CARM
|h A1:AN12E0
|i C09720
|p 0414842
|f BK
|
| 999 |
f |
f |
|i a1e80204-4aaa-5240-9785-e368ef3c5347
|s 54f65626-3a94-5efe-ae34-9bdef96cb8aa
|
| 952 |
f |
f |
|p Can circulate
|a CAVAL
|b CAVAL
|c CAVAL
|d CARM 1 Store
|e C09720
|f A1:AN12E0
|h Other scheme
|i book
|m 0414842
|